|
|
|
|
| LEADER |
00000nam a2200000 a 4500 |
| 001 |
vtls010307331 |
| 003 |
SK-MaSNL |
| 005 |
20260301032019.0 |
| 008 |
240318s2010 xo o f 000 0 slo |
| 015 |
|
|
|a SNBE2012/03-00795
|
| 020 |
|
|
|a 9788080948412
|q (brož.)
|
| 040 |
|
|
|a SNK
|b slo
|c SNK
|e AACR2
|
| 041 |
0 |
|
|a slo
|a eng
|
| 043 |
|
|
|a e-xo---
|
| 044 |
|
|
|a xo
|c SK
|
| 072 |
|
7 |
|a 378
|x Vysoké školy
|2 konspekt
|
| 080 |
|
|
|a 378.4
|2 2001
|
| 080 |
|
|
|a 378.14
|2 2001
|
| 080 |
|
|
|a (437.6)
|2 2001
|
| 080 |
|
|
|a (036)
|2 2001
|
| 100 |
1 |
|
|a Krajčovičová, Jana
|4 aut
|9 7157
|
| 245 |
1 |
0 |
|a Univerzita Konštantína Filozofa v Nitre
|c [text: Jana Krajčovičová]
|
| 250 |
|
|
|a [1. vyd.]
|
| 260 |
|
|
|a V Nitre
|b Univerzita Konštantína Filozofa
|c 2010
|
| 300 |
|
|
|a 31 s.
|b fotogr.
|c 19 cm
|
| 500 |
|
|
|a Názov z obalu
|
| 546 |
|
|
|a Súbežný text angl.
|
| 610 |
2 |
7 |
|a Univerzita Konštantína Filozofa v Nitre
|2 SNKKA
|9 123721
|
| 650 |
0 |
7 |
|a univerzity
|2 SNKPH
|9 22152
|
| 650 |
0 |
7 |
|a vysokoškolské štúdium
|2 SNKPH
|9 4044
|
| 651 |
|
7 |
|a Nitra (Slovensko)
|2 SNKPH
|9 15714
|
| 655 |
|
7 |
|a informačné publikácie
|2 SNKPH
|9 70181
|
| 752 |
|
|
|a Slovensko
|d Nitra
|
| 919 |
|
|
|a 978-80-8094-841-2
|
| 999 |
|
|
|c 577673
|d 579603
|
| 952 |
|
|
|a SNK
|b SNK
|y PREZ
|7 0
|p 17A0716904
|o snkOSD 9592
|i snk2011/18058
|8 0
|0 0
|1 0
|4 0
|d 2011-08-30
|l 0
|r 2026-02-23 14:38:54
|w 2026-02-23
|
| 952 |
|
|
|a SNK
|b SNK
|y VYP
|7 0
|p 17A0716903
|o snkOSD 9592 D1
|i snk2011/18059
|8 0
|0 0
|1 0
|4 0
|d 2011-08-30
|l 0
|r 2026-02-23 14:38:54
|w 2026-02-23
|